[Event "EU-ch 11th"]
[Site "Rijeka"]
[Date "2010.03.09"]
[Round "4"]
[White "Roiz, Michael"]
[Black "Holzke, Frank"]
[Result "1-0"]
[WhiteElo "2652"]
[BlackElo "2526"]
[Annotator "Roiz,M"]
[PlyCount "83"]
[EventDate "2010.03.06"]
[EventType "swiss"]
[EventRounds "11"]
[EventCountry "CRO"]
[SourceTitle "CBM 136"]
[Source "ChessBase"]
[SourceDate "2010.05.18"]
[SourceVersion "1"]
[SourceVersionDate "2010.05.18"]
[SourceQuality "1"]

1. c4 c6 {This came as a real surprise for me.} ({I had only expected} 1... c5
2. Nf3 Nc6 3. d4 cxd4 4. Nxd4 Nf6 5. g3 g6 6. Bg2 Bg7 7. Nc3 O-O 8. O-O Ng4 {
which is Frank's favourite line in the English.}) 2. Nf3 d5 3. e3 Nf6 4. Nc3
Bg4 $5 {In my opinion,that move is much better than its reputation.} 5. cxd5 {
This move looks harmless, but it leads to an unusual position, where Black has
to play very energetically to compensate for his inferior pawn structure.} ({
I believe the only attempt to fight for a real advantage is} 5. Qb3 Qb6 6. Ne5
(6. cxd5 Qxb3 7. axb3 Bxf3 8. gxf3 Nxd5 9. d4 e6 $14) 6... Be6 7. d4 Nbd7 8.
Nxd7 Bxd7 (8... Nxd7 9. cxd5 Qxb3 (9... cxd5 10. Bb5 $14) 10. axb3 Bxd5 (10...
cxd5 11. Nb5 $14) 11. Nxd5 cxd5 12. Bd2 $14) 9. Na4 $1 {1-0 Gurevich,
M-Hauchard,A/Belfort 1998} (9. Bd3)) 5... Bxf3 (5... cxd5 $2 6. Qb3 Qb6 7. Nxd5
Qxb3 8. Nxf6+ $16) 6. Qxf3 cxd5 7. Bb5+ Nc6 8. Bxc6+ (8. O-O Rc8 $11) 8... bxc6
9. b3 {Here Black made the most solid choice.} e6 (9... e5 10. Bb2 Bd6 11. O-O
O-O 12. Rac1 $14) (9... g6 10. O-O Bg7 11. Bb2 O-O 12. Na4 $14) 10. O-O Bb4 {
Somehow I don't like this square for the bishop, although I don't know how
Black may equalise after other moves.} (10... Be7 11. Bb2 O-O 12. Rfc1 Qa5 13.
Rc2 Nd7 14. Na4 Rac8 15. Rac1 Qa6 16. Qd1 Rfe8 17. Qf1 $14 {1-0 Tomashevsky,
E-Ansell,S/Kallithea 2008/CBM 127 (45)}) (10... Bd6 11. Bb2 O-O 12. Rac1 Rc8
13. Na4 $14) 11. Na4 $6 $146 {A pointless move - there was no reason to hurry
and provoke the obvious transfer of the Nf6 to b6.} ({The previous example of
White's play was more logical:} 11. Bb2 O-O 12. Rac1 Qe7 13. Rc2 Nd7 14. Na4
Rac8 15. Rfc1 Ba3 16. Bxa3 Qxa3 17. Qe2 Rc7 18. Qa6 Qd6 19. d4 $14 {1/2-1/2
Vavrak,P-Meduna,E/Marianske Lazne 2008/CBM 122 Extra (27)}) 11... O-O 12. d3
Qe7 (12... Nd7 $5 13. Bb2 Qe7 14. Rac1 Rfc8 $11 {[%cal Gd7b6]}) 13. Bb2 Ba3 $6
{Allowing White to fix the weak Pc6.} ({There was nothing wrong with} 13... Nd7
14. Rac1 Rfc8 15. Rc2 Nb6 16. Nc3 a5 $11) 14. Bxa3 (14. Qe2 Nd7 15. Rfc1 Rfc8
16. Bxa3 (16. d4 Bd6) 16... Qxa3 17. d4 $14) 14... Qxa3 15. Rfc1 Nd7 ({After} 
15... Rfc8 16. Nc5 $14) 16. d4 Nb6 $6 {That was played rapidly, but Black
understimates the danger of the awkward placement of his pieces.} ({In my
opinion, Black should opt for} 16... Rac8 17. Nc5 Nxc5 18. Rxc5 e5 19. Qd1 $14)
17. Nc5 a5 18. Qd1 (18. Qg3 Rfc8 19. h3 a4 20. Rcb1 $14) 18... a4 19. Qe1 $1 {
I was lucky to find that strong move which restricts the Qa3.} ({Premature
would be} 19. bxa4 $6 Nxa4 20. Nxa4 Rxa4 ({or} 20... Qxa4 21. Qxa4 Rxa4 22.
Rxc6 g6 23. Rc2 Rfa8 $14) 21. Rxc6 g6 $14 {and it's hardly possible to make
use of the extra a-pawn.}) 19... axb3 $4 {[%mdl 8192] We both completely
missed a nice tactical idea!} ({Necessary was} 19... Ra7 20. h3 $5 (20. Qc3
Rfa8 21. b4 Qxc3 22. Rxc3 a3 $14) 20... Rfa8 21. Rc3 Qb4 22. Nd3 Qb5 23. Rac1
$16) 20. axb3 Qb2 21. h3 $2 {I was only choosing between two prophylactic
moves - 21.h3 and 21.g3!} ({There was an elegant way to exploit the lack of
coordination in Black's camp:} 21. Nd3 $1 Qxb3 22. Nc5 $1 {(the main
difficulty in this manoevre is the psychological problem of "giving up" the
key Pb3 which restricts the Nb6!)} Qb2 23. Rab1 $18) 21... Rxa1 {I was very
surprised after this move, since I couldn't understand why Black allowed me to
seize the a-file without any fight!} (21... Rfb8 22. Na6 Rc8 23. Rcb1 Qc2 24.
Nb4 Qe4 25. Rxa8 Rxa8 (25... Nxa8 26. Rc1 $18) 26. Rc1 $1 $18) 22. Rxa1 {
Despite my mistake, Black's position remains strategically lost - more than
that, he cannot protect the Pc6.} h6 23. Ra6 Nc8 24. Ra8 $1 {Intuitively
choosing the right move.} ({Less convincing was} 24. Rxc6 Ne7 25. Ra6 Nf5 {
and Black has some practical chances for a draw due to his activity.}) 24...
Kh7 25. g3 $2 {For the second time I missed an easy tactical win!} ({For some
reason after} 25. Qa5 Qb1+ 26. Kh2 Qf1 27. Qc7 Qxf2 {I failed to find} 28. Nd7
$1 Re8 29. Rxc8 Rxc8 30. Qxc8 Qxe3 31. Nf8+ Kg8 32. Nxe6+ Kh7 33. Nf8+ Kg8 34.
Qb8 $18 {killing all counterplay.}) 25... Rg8 ({Hardly better was} 25... Re8
26. Qd1 $1 Nd6 27. Rxe8 Nxe8 28. Qd3+ g6 29. Qa6 $16) 26. Qa5 $2 {[%cal Ga5c7]}
({The strongest was} 26. Qa1 $1 Qxa1+ 27. Rxa1 Nd6 28. Ra7 $16 {winning the
pawn very soon.}) 26... Ne7 $2 ({Here I was quite lucky, since Frank missed a
nice tactical possibilty:} 26... e5 $1 27. dxe5 (27. Qc7 exd4 28. exd4 Qxd4 $11
) 27... Qxe5 $14 {and White's winning task is tough.}) 27. Rxg8 Nxg8 28. Qc7
$18 {Finally White has achieved his goal - Black loses the Pc6 and doesn't get
any counterplay, so the position is technically winning.} Qb1+ 29. Kg2 Qf5 30.
Qxc6 $6 ({Much more energetical and strong was} 30. g4 $1 Qg6 (30... Qf6 31.
Nd7 Qe7 32. Qxc6 h5 33. Ne5) 31. Nd7 Qe4+ 32. Kg3 Kh8 33. Ne5 f6 34. Nxc6 $18)
30... Ne7 (30... Nf6 31. Qb5 Ne4 32. Qe2 $18) 31. Qb5 $6 ({Why not} 31. Qc7 Ng6
32. b4 $18) 31... e5 32. dxe5 (32. Qd7 Qxd7 33. Nxd7 exd4 34. exd4 Nc6 35. Nb6
Nxd4 36. b4 Kg6 37. Nxd5 Kf5 $16) 32... Qxe5 33. b4 (33. Qd7 $142 g6 34. b4 Kg7
35. b5 Nf5 36. b6 Nxe3+ 37. fxe3 Qb2+ 38. Kf3 Qf6+ 39. Ke2 Qb2+ 40. Kd3 Qxb6
41. Qxd5 $18) 33... g6 34. Qd3 Qd6 35. Qa6 Qe5 36. Qd3 {Winning some time in
zeitnot.} Qd6 37. Kg1 h5 38. h4 Nf5 39. Kg2 Qe5 $6 {This move makes White's
task easier.} ({After} 39... Kg7 $142 {White should find an exact way to
regroup his pieces and push the pawn:} 40. Qa6 Qe5 41. Qa3 d4 (41... Qd6 42. b5
d4 43. e4 Ne7 44. Qb4 Nc8 45. Nd3 Qxb4 46. Nxb4 Nd6 47. b6 $18) 42. e4 $18) 40.
Nb3 {Now White has finally consolidated, so the rest is simple.} (40. b5 d4 41.
exd4 Nxd4 42. Qc4 Qf6 43. Nd3 Qf3+ 44. Kh2 $18) 40... Qb2 41. Nd4 (41. b5 $18)
41... Nd6 (41... Nxd4 {would also be hopeless:} 42. Qxd4 Qb3 43. Qf6 Kg8 44.
Qe7 Kg7 45. Qc5 Qd3 46. b5 Qe4+ 47. Kg1 Qb1+ 48. Kh2 Qf5 49. Qd4+ Kh7 50. Qb2
$18) 42. Qb3 ({Black resigned in view of} 42. Qb3 Qxb3 (42... Qd2 43. Nf3 $18 {
[%csl Rd5]}) 43. Nxb3 Kg7 44. Kf3 Kf6 45. Nd4 Ke7 (45... Ne4 46. b5 Ke5 47. b6
Nc5 48. g4 $18) 46. Kf4 f6 47. f3 $18 {[%cal Gg3g4]}) 1-0

[Event "EU-ch 16th"]
[Site "Jerusalem"]
[Date "2015.03.01"]
[Round "5"]
[White "Nepomniachtchi, Ian"]
[Black "Romanov, Evgeny"]
[Result "1-0"]
[WhiteElo "2714"]
[BlackElo "2625"]
[Annotator "Roiz,M"]
[PlyCount "87"]
[EventDate "2015.02.24"]
[EventType "swiss"]
[EventRounds "11"]
[EventCountry "ISR"]
[SourceTitle "CBM 166"]
[Source "ChessBase"]
[SourceDate "2015.05.11"]
[SourceVersion "1"]
[SourceVersionDate "2015.05.11"]
[SourceQuality "1"]

1. c4 c6 2. Nf3 d5 3. e3 Nf6 4. Nc3 Bg4 5. Qb3 Qb6 6. Ne5 Be6 7. d4 Nbd7 ({
It definitely makes sense to delay the development of the Nb8 for a while:} 
7... g6 $5 8. Bd2 Bg7 9. Qa3 Qd8 10. cxd5 Nxd5 11. Nxd5 Bxd5 12. Nd3 O-O 13. f3
$6 Nd7 14. Bc3 Re8 15. Be2 e5 $15 {1/2-1/2 Vitiugov,N (2738)-Deviatkin,A (2528)
/Wroclaw POL 2014 (63)}) 8. f4 {This move doesn't look really challenging.} ({
In the following game White was able to get something of an edge:} 8. Nxd7 Bxd7
9. Na4 $1 Qxb3 (9... Qc7 10. Nc5 e6 11. Qxb7 Qxb7 12. Nxb7 $14) 10. axb3 a6 11.
Bd3 e6 12. Bd2 Bd6 13. Ba5 Ke7 14. c5 Bb8 15. Kd2 $14 {1-0 Ponomariov,R (2737)
-Ivanchuk,V (2748)/Dagomys 2010/CBM 136 (86)}) 8... g6 $146 {A logical novelty
in a rare theoretical position. Black correctly completes his development
without releasing the pressure in the centre.} (8... dxc4 9. Bxc4 Qxb3 10. axb3
$14 {1/2-1/2 Hujbert,F (2444)-Grimm,D (2309)/Budapest HUN 2014 (74)}) 9. Bd2
Bg7 10. Qa3 (10. Be2 O-O 11. O-O dxc4 12. Bxc4 Bxc4 13. Nxc4 Qxb3 14. axb3 c5
$11) 10... dxc4 11. Nxc4 Qd8 {This modest move enables Black to solve all the
problems.} ({There was nothing wrong with the more natural} 11... Qc7 $5 12.
Ne5 (12. Bd3 O-O 13. O-O c5 14. Ne5 cxd4 15. Nb5 Qb8 16. Nxd7 Bxd7 17. Nxd4 e5
{Black is by no means worse here.}) 12... Qd6 13. Nxd7 Bxd7 14. Qxd6 exd6 15.
e4 O-O $11) 12. Ne5 O-O 13. Be2 a5 {The Qa3 is a sort of problem for White now,
so Romanov's move definitely makes sense.} ({However, there was another
principled way:} 13... c5 14. Nxd7 ({The inaccurate} 14. Bf3 cxd4 15. exd4 Nb6
16. Bxb7 Rb8 {offers Black more than sufficient counterplay.}) 14... Nxd7 15.
dxc5 Qc7 $11 {Black wins the pawn back and gets a good position.}) 14. Rd1 (14.
O-O Nb6 15. b3 Nbd5 $11) 14... Nxe5 (14... Nb6 $5 15. O-O Qd6 16. g4 Nbd5 $11)
15. dxe5 ({After} 15. fxe5 Nd5 16. O-O f6 17. exf6 exf6 18. e4 Nb4 {Black gets
a comfortable position.}) 15... Nd7 $1 ({Correctly deviating from} 15... Nd5
16. Ne4 Qb6 17. Nc5 Bc8 18. O-O $14) 16. b3 {Delaying castling is a bit risky.}
({A better try was} 16. Ne4 Bd5 17. Nf2 f5 18. O-O $11 {with a long strategic
battle.}) 16... f6 (16... b5 $1 {would be more energetic:} 17. Qc1 Qb6 18. Ne4
Bd5 19. Qc2 f6 $15 {with something of an edge.}) 17. exf6 exf6 (17... Nxf6 $5
18. Bf3 Bg4 19. O-O Bxf3 20. Rxf3 Qd6 $11) 18. e4 f5 19. e5 g5 {An interesting
continuation, which completely changes the character of play.} ({There was a
quiet way to equalise:} 19... a4 20. bxa4 (20. Qb4 axb3 21. Bc4 Bxc4 22. Qxc4+
Kh8 23. axb3 Qe7 $11) 20... g5 21. O-O gxf4 22. Bxf4 Qb6+ 23. Kh1 Qc5 24. Qxc5
Nxc5 $11) 20. Qd6 ({After} 20. O-O gxf4 21. Bxf4 Qb6+ 22. Kh1 Qc5 23. Qc1 Nxe5
{White has definite compensation for a pawn, but Black is OK.}) 20... Re8 (
20... Qe8 $5 21. g3 Rd8 $132) 21. Bh5 Qb6 $1 {Evgeny finds an excellent
dynamic resource. This sacrifice allows Black to keep his opponent's king in
the centre for a while.} ({The alternatives were worse:} 21... Bf8 22. Qd3 gxf4
23. Qh3 $1 ({The text move is much stronger than} 23. Bxe8 Qh4+ 24. g3 fxg3 25.
Bxd7 g2+ 26. Ke2 Qg4+ 27. Kf2 Bc5+ 28. Be3 gxh1=N+ 29. Rxh1 Bxe3+ 30. Qxe3 Qh4+
31. Qg3+ Qxg3+ 32. hxg3 Bxd7 $11) 23... Re7 (23... Nxe5 24. Bxf4 Qf6 25. Bxe8
Rxe8 26. Qg3+ Bg7 27. O-O Ng6 28. Na4 $16) 24. O-O $36) (21... Re7 22. O-O Nf8
23. Qxd8 Rxd8 24. g3 Red7 25. Be3 $14) 22. Bxe8 Rxe8 23. Na4 $6 {The knight is
now too far away from the king, so White is in real danger now.} ({The most
natural} 23. g3 {could be strongly met by:} Nxe5 $1 24. fxe5 Bxb3 25. Ne2 Qb5
26. Kf2 Bf8 27. Qd7 Qxe5 28. Qxe8 Qxe8 29. axb3 Qe4 $132) ({But the correct} 
23. Ne2 $1 gxf4 24. Bxf4 a4 25. Qd4 $1 Qa5+ 26. b4 Qc7 27. O-O Nxe5 28. Qd2 $14
{would allow White to consolidate.}) 23... Qa7 24. Qc7 $2 {White cannot afford
to waste a tempo in such a dangerous position, but Ian was really lucky in
this game!} (24. Kf1 $1 gxf4 ({The endgame after} 24... Qa6+ 25. Ke1 Nxe5 26.
Nc5 $1 Qb5 27. fxe5 Bf8 28. a4 Bxd6 29. axb5 Bxc5 30. Rc1 {should also be
defendable for White.}) 25. Bxf4 Nxe5 26. Bxe5 Bxe5 27. Qc5 Qb8 28. Nb6 {
in the resulting position the initiative is still on Black's side, but White
should be able to neutralise it with precise play.}) 24... gxf4 $6 ({GM Evgeny
Romanov missed a golden opportunity of winning this game in a nice attacking
style:} 24... Qd4 $1 25. Bc1 Qe4+ 26. Kf1 gxf4 (26... Bd5 27. Rxd5 Qxd5 {
is also winning.}) 27. Nc3 Qb4 28. Rxd7 Bxe5 29. Qxe5 Bc4+ 30. bxc4 Rxe5 31.
Ne2 Qxc4 $19 {and White's position is hopeless due to a lack of coordination.})
25. Qxa5 ({Possibly, it was better to liquidate into a difficult endgame:} 25.
Bxf4 Bxe5 26. Bxe5 Qe3+ 27. Kf1 Bd5 $1 28. Rxd5 cxd5 29. Qc3 Qxe5 30. Qxe5 Rxe5
$17) 25... Qd4 26. Qb4 ({Correctly rejecting} 26. Qc3 Qe4+ 27. Kf1 Nxe5 $19 {
with a decisive attack.}) 26... Qxe5+ 27. Kf1 $2 {This move could have lead to
an immediate loss.} ({The lesser evil for Ian was} 27. Kf2 Nf6 28. Rhe1 Ne4+
29. Kg1 Qb5 $1 $17) 27... c5 $2 ({Missing one more chance to decide the game:} 
27... Qd5 $1 28. Qc4 {(White is paralysed, so there are no other moves)} Qxc4+
29. bxc4 Bxc4+ 30. Kf2 Bd4+ 31. Kf3 Be2+ 32. Kxf4 Re4+ 33. Kxf5 Re5+ 34. Kf4
Nf6 {with a crushing attack in the endgame.}) 28. Qxf4 {White manages to
liquidate into a worse endgame, and that is an achievement!} Bxb3 (28... Qxf4+
29. Bxf4 b5 30. Rxd7 Bxd7 31. Nxc5 Bc6 32. Nd3 Be4 33. Nc5 Bd5 34. Nd3 Ra8 35.
Nc1 Rc8 $15) 29. Qxe5 Bc4+ 30. Kg1 Nxe5 {White is still suffering from
unconnected rooks, so Black is better here.} (30... Rxe5 31. Bc3 Bh6 $1 32. h3
Be3+ 33. Kh2 Bf4+ 34. Kg1 Re7 35. Nb2 Be3+ 36. Kh2 Bxa2 $15) 31. Bc3 Ra8 $2 {
I guess Evgeny was under time pressure, so he commits another serious mistake.}
({All the same, after} 31... Be2 32. Rb1 Bh6 33. h3 b5 34. Nb6 Kf7 $15 {
White would still suffer from a lack of harmony.}) 32. Nb6 $1 {Luckily for Ian,
now White suddenly gets excellent winning chances. I guess that move was
overlooked by Evgeny.} ({The text move is much stronger than} 32. Nxc5 Rxa2 {
when Black is out of danger.}) 32... Be2 ({After} 32... Rxa2 $2 33. Bxe5 Bxe5
34. Nxc4 Bd4+ 35. Kf1 b5 36. Nd6 b4 37. h4 $18 {White should be able to
consoldiate and convert the material advantage into a full point.}) ({But a
better way was} 32... Ra6 33. Rd8+ Bf8 34. Bxe5 Rxb6 35. Kf2 Kf7 $14) 33. Nxa8
$6 {GM Nepomniatchi decides to simplify the position and avoid any risk of
blunders. However, this move spoils the lion's share of his advantage.} ({
A much stronger move was} 33. Rd5 Re8 34. Rxc5 Bf8 35. Rd5 Bh6 36. Bd2 Bg7 37.
h3 $14) 33... Bxd1 34. Nc7 Bc2 $2 {Returning the favour. This move turns out
to be a decisive mistake.} ({He had to play} 34... Kf7 $1 35. Kf2 (35. Nb5 Nd3
36. Bxg7 Kxg7 37. Nc3 Bh5 $132) 35... Ba4 36. Ke2 Bc6 37. Rc1 Bxg2 38. Bxe5
Bxe5 39. Rxc5 Kf6 {with excellent drawing chances.}) 35. Ne6 $1 {Black loses a
pawn, and the game.} Nf3+ ({A more stubborn attempt was} 35... Bf6 36. Nxc5 b6
37. Ne6 Kf7 38. Nf4 Be4 39. Nh5 Bh8 40. h3 {though White's task is quite easy
here.}) 36. gxf3 Bxc3 37. Kg2 $18 {[%csl Rc2,Rc3][%cal Gh1c1] Black has to
remove one of his bishops from the c-file.} Bd2 38. Nxc5 b6 39. Ne6 {The rest
is a matter of simple technique.} Be3 40. Re1 f4 41. Nc7 Bd3 42. Nd5 Bc5 43.
Rc1 Kf7 44. a4 1-0

[Event "RUS-ch (Women) 65th"]
[Site "Chita"]
[Date "2015.08.20"]
[Round "11"]
[White "Lagno, Kateryna"]
[Black "Goryachkina, Aleksandra"]
[Result "1/2-1/2"]
[WhiteElo "2530"]
[BlackElo "2474"]
[Annotator "Sagar Shah"]
[PlyCount "189"]
[EventDate "2015.08.09"]
[EventType "tourn"]
[EventRounds "11"]
[EventCountry "RUS"]
[EventCategory "9"]
[SourceTitle "EXT 2016"]
[Source "ChessBase"]
[SourceDate "2015.10.08"]
[SourceVersion "1"]
[SourceVersionDate "2015.10.08"]
[SourceQuality "1"]

1. c4 c6 2. Nf3 d5 3. g3 Bg4 4. Qb3 Bxf3 $5 {Goryachkina employs a very risky
strategy in the crucial round. She gives up her light squared bishop and sets
up the pawns on light squares.} (4... Qb6 5. Qxb6 axb6 6. cxd5 cxd5 7. Bg2 e6 {
was a safer choice for Black.}) 5. Qxf3 e6 (5... dxc4 6. Na3 b5 $2 7. Nxb5 $16)
6. Qb3 Qd7 7. d4 Bd6 8. Bg2 f5 {Usually in the stonewall, it's the c8 bishop
which gives Black the most headaches. Here Goryachkina has exchanged the light
squared bishop and sets up her pawns on the light squares. But as you can see
Lagno takes advantage of his setup quite easily.} 9. Nd2 Nf6 10. c5 Be7 11. Nf3
{With Bf4 coming up white will have excellent control on the dark squares.} O-O
12. Bf4 a5 $2 {Black's main problem is that she lacks space. She needs to
fight back. And the best way to do that was} (12... b6 $1 13. cxb6 axb6 14.
Qxb6 Bd8 $1 15. Qb3 Ba5+ 16. Bd2 Ne4 17. Bxa5 Rxa5 {With interesting practical
play for the pawn.}) 13. O-O Na6 14. Qc2 Nh5 15. e3 Rfe8 16. b3 Nxf4 17. exf4 {
The e-file has opened up and the e6 pawn is a weakness. The e5 square is a
perfect home for the f3 knight. The knight on a6 is not so ideally placed. All
this leads to a clear advantage for White.} b6 18. cxb6 Qb7 19. Rfe1 Bf6 20.
Ne5 (20. Re3 $5 Qxb6 21. Rae1 Kf7 22. a3 $16 {is a very nice positional
advantage. The rook plans to swing over to c3 in order to attack c6 in some
cases.}) 20... Rac8 21. Qd2 Bxe5 22. Rxe5 Qxb6 23. Rae1 Nc7 24. Rc1 Na6 25.
Rce1 (25. Bf1 $1 Nb8 (25... Kf7 26. Bxa6 $1 {A very strong positional decision.
} Qxa6 27. Rc5 $16 {With all these weaknesses and rooks in dominant positions,
White is close to winning.}) 26. Qe2 $5 Kf7 27. Re1 $1 c5 28. Qh5+ $1 Kg8 29.
Rxf5 $18) 25... Kf7 26. g4 $5 {The right idea. White cannot just sit and wait
for his opponent to collapse. She has to open another front.} Nc7 (26... fxg4
27. f5 exf5 28. Qf4 Rxe5 29. Qxe5 Qd8 30. Qxf5+ Kg8 31. Qxg4 $16 {The bishop
on g2 has now good scope to participate in the game.}) 27. gxf5 exf5 28. Rxf5+
Kg8 29. Rfe5 Rf8 30. f5 (30. Re7 $1 {It was extremely important to pin down
the knight on c7.} Rce8 31. R1e5 $16) 30... Nb5 $1 {The d4 pawn is attacked
and White has to lose her co-ordination to some extent.} 31. Rd1 Rf7 32. Qe3
Rcf8 33. Bh3 Nd6 34. Rc1 Ne4 35. Re6 Rf6 36. f3 Nd6 37. Qe5 Nf7 38. Qe3 Nd6 39.
Qe5 Nf7 40. Qf4 Nd8 41. Rxf6 Rxf6 {Black is still under quite some pressure
but with the exchange of a pair of rooks her defensive task has eased to some
extent.} 42. Qe3 Qb4 43. Bg4 Rf7 44. Re1 Rf8 45. Kf2 Qd6 46. Qe5 Qh6 47. Kg3
Qd2 48. Re2 Qc1 49. Kg2 Qc3 50. Qe3 Qb4 51. Rc2 Rf7 52. Rc5 Kf8 53. Qf4 (53.
Qc3 Qxc3 54. Rxc3 Rb7 55. Rc5 a4 56. bxa4 Rb4 $132 {would lead to a draw})
53... Rf6 54. Qe3 Rf7 55. Rc2 Kg8 56. Qc3 Re7 57. Kf1 Qb5+ 58. Kg2 Qa6 59. Qd2
Qb5 60. Kf2 Qb8 61. Kg1 Qb6 62. Qf4 Qb4 63. Kg2 (63. f6 Qe1+ 64. Kg2 Re2+ 65.
Rxe2 Qxe2+ 66. Kh3 gxf6 67. Qxf6 Qf1+ $11 {Gives black sufficient play for a
draw.}) 63... Rf7 64. Re2 Rf8 65. h4 a4 66. bxa4 Qxa4 67. f6 $1 {With the
perfect set up in place White is finally able to break in.} gxf6 68. Bf5 Qd1
69. Rd2 (69. Qe3 $1 $18 {with the idea of Qe7 and Kh2 followed by Rg2 is just
game over.}) 69... Qe1 70. Kh2 Kh8 71. Rg2 Rg8 $1 {Goryachkina exchanges
another rook and this makes White's task even more difficult.} 72. Rxg8+ Kxg8
73. Qg4+ Kf8 74. Bxh7 Qf2+ 75. Kh3 Nf7 76. a4 Qe1 77. Qg2 Qa1 78. Qd2 Qxa4 79.
Bg6 Qa3 80. Qf4 Qd6 81. Kg3 Qe7 82. Bxf7 Kxf7 $11 {Now the game is just drawn.}
83. Kf2 c5 84. Qf5 Qd6 85. Qh7+ Kf8 86. dxc5 Qxc5+ 87. Kg2 Qd4 88. Qf5 Qxh4 89.
Qxd5 Qe1 90. Qd6+ Kf7 91. Qd7+ Kg6 92. Qg4+ Kf7 93. Qc4+ Kf8 94. Kh3 Qe5 95.
Qg4 {A miraculous escape for Goryachkina who showed nerves of steel to defend
such an inferior position for almost the entire game. At the end even if she
would have lost, it would have been fine for her to become the Russian Women's
champion as her nearest compeititor Kosteniuk also lost her game. She is
surely the deserving champion and we will hear more about her in the years to
come.} 1/2-1/2